000 00654nam a2200241Ia 4500
003 OSt
005 20221007081938.0
006 a|||||r|||| 00| 0
007 ta
008 221006b |||||||| |||| 00| 0 eng d
024 _a27,095
037 _cTextual
040 _aFLL
_cFLL
_beng
041 _2eng
_aeng
082 _aV73:2:9Zy7, L0
100 _aLockhart William B.
_9698350
245 0 _aConstitutional law
250 _a3rd
260 _aSt. Paul ,
_bMinn. West Publishing Co. St. Minn.
_c1970
300 _alxxxiii,1-1440p
_ccm.
942 _hV73:2:9Zy7, L0
_cTEXL
_2CC
999 _c1164810
_d1164810